| 000 | 01261cam a22003011 4500 | ||
|---|---|---|---|
| 001 | gs 33000067 | ||
| 003 | DLC | ||
| 005 | 20260227111337.0 | ||
| 008 | 800613s1933 dcuabf b f001 0 eng | ||
| 010 | _ags 33000067 | ||
| 035 | _a(OCoLC)6418881 | ||
| 040 |
_aDLC _cICharE _dOCoLC _dDLC |
||
| 042 | _apremarc | ||
| 043 | _an-us-pa | ||
| 050 | 0 | 0 |
_aQE75 _b.B9 no. 840 |
| 100 | 1 |
_aStose, George Willis, _d1869-1960. |
|
| 245 | 1 | 0 |
_aGeology and mineral resources of the Middletown quadrangle, Pennsylvania, _cby George W. Stose and Anna I. Jonas. Prepared in cooperation with the Pennsylvania topographic and geologic survey. |
| 260 |
_aWashington, _bU.S. Govt. Print Off., _c1933. |
||
| 300 |
_av, 86 p. _bincl. map, plan, tables, diagrs., 15 pl. (incl. 2 fold. maps, fold. tab.) _c23 cm. |
||
| 490 | 0 | _aU.S. Geological survey. Bulletin 840 | |
| 500 | _aAt head of title: United States Department of the Interior. | ||
| 500 | _aOne folded map in pocket. | ||
| 504 | _aBibliographical foot-notes. | ||
| 650 | 0 |
_aGeology _zPennsylvania. |
|
| 650 | 0 |
_aMines and mineral resources _zPennsylvania. |
|
| 710 | 1 |
_aPennsylvania. _bBureau of Topographic and Geologic Survey |
|
| 740 | 0 | _aMiddletown quadrangle, Pennsylvania, Geology and mineral resources of the | |
| 999 |
_c27006 _d27006 |
||